ملامح من التاريخ القديم ليهود العراق : (رقم التسجيلة. 66400)
[ عرض عادي ]
| 000 -LEADER | |
|---|---|
| fixed length control field | 00721nam a22002177a 4500 |
| 005 - DATE AND TIME OF LATEST TRANSACTION | |
| control field | 20251108171934.0 |
| 008 - FIXED-LENGTH DATA ELEMENTS--GENERAL INFORMATION | |
| fixed length control field | 250721s2001 xx 000 0 ara d |
| 082 14 - DEWEY DECIMAL CLASSIFICATION NUMBER | |
| Classification number | 933/سوس |
| 100 1# - MAIN ENTRY--PERSONAL NAME | |
| Personal name | سوسه، أحمد |
| 245 10 - TITLE STATEMENT | |
| Title | ملامح من التاريخ القديم ليهود العراق : |
| Remainder of title | يهود العراق / |
| 250 ## - EDITION STATEMENT | |
| Edition statement | ط2 |
| 264 1# - PRODUCTION, PUBLICATION, DISTRIBUTION, MANUFACTURE, AND COPYRIGHT NOTICE | |
| Place of production, publication, distribution, manufacture | بغداد : |
| Name of producer, publisher, distributor, manufacturer | مركز الدراسات الفلسطينية - جامعة بغداد، |
| Date of production, publication, distribution, manufacture, or copyright notice | 2001. |
| 300 ## - PHYSICAL DESCRIPTION | |
| Extent | 326ص : ملاحق |
| 490 0# - SERIES STATEMENT | |
| Series statement | سلسلة دراسات فلسطينية ؛ 12 |
| 650 17 - SUBJECT ADDED ENTRY--TOPICAL TERM | |
| Topical term or geographic name as entry element | اليهود |
| 650 17 - SUBJECT ADDED ENTRY--TOPICAL TERM | |
| Topical term or geographic name as entry element | التاريخ القديم |
| 650 17 - SUBJECT ADDED ENTRY--TOPICAL TERM | |
| Topical term or geographic name as entry element | التاريخ |
| 650 17 - SUBJECT ADDED ENTRY--TOPICAL TERM | |
| Topical term or geographic name as entry element | العراق |
| 942 ## - ADDED ENTRY ELEMENTS (KOHA) | |
| Source of classification or shelving scheme | Dewey Decimal Classification |
| Koha item type | كتب |
| حالة السحب | حالة الفقدان | مصدر التصنيف | حالة التلف | غير قابل للإعارة | المكتبة الرئيسية | المكتبة الحالية | موقع الرف | تاريخ التزويد | الرقم المتسلسل | Total Checkouts | رقم الإستدعاء | تاريخ آخر ظهور | تاريخ الفاتورة | نوع المادة (كوها) | الباركود |
|---|---|---|---|---|---|---|---|---|---|---|---|---|---|---|---|
| Dewey Decimal Classification | مكتبة أم قصير والمقابلين العامة | مكتبة أم قصير والمقابلين العامة | الإعارة | 28/07/2025 | 522428 | 933/سوس | 28/07/2025 | 28/07/2025 | كتب | 522428 | |||||
| Dewey Decimal Classification | Unchecked | مكتبة الحسن العامة | مكتبة الحسن العامة | الإعارة | 06/07/2004 | 522425 | 933/سوس | 28/07/2025 | 06/07/2004 | كتب | |||||
| Dewey Decimal Classification | مكتبة حمزة العامة | مكتبة حمزة العامة | الإعارة | 16/02/2016 | 522426 | 933/سوس | 28/07/2025 | 16/02/2016 | كتب | PLD00374385 | |||||
| Dewey Decimal Classification | مكتبة صويلح العامة | مكتبة صويلح العامة | الإعارة | 07/02/2016 | 522421 | 933/سوس | 28/07/2025 | 07/02/2016 | كتب | PLD00371977 |